Химическое строение биосферы Земли и её окружения

Λεπτομέρειες βιβλιογραφικής εγγραφής
Κύριος συγγραφέας: Вернадский В. И. Владимир Иванович
Άλλοι συγγραφείς: Ярошевский А. А. (редактор)
Γλώσσα:Ρωσικά
Έκδοση: Москва, Наука, 1987
Έκδοση:2-е изд.
Θέματα:
Μορφή: Βιβλίο
KOHA link:https://koha.lib.tpu.ru/cgi-bin/koha/opac-detail.pl?biblionumber=272110

MARC

LEADER 00000nam0a2200000 4500
001 272110
005 20231101234512.0
035 |a (RuTPU)RU\TPU\book\295315 
090 |a 272110 
100 |a 20141015d1987 k y0rusy50 ca 
101 0 |a rus 
102 |a RU 
105 |a c z 001zy 
200 1 |a Химическое строение биосферы Земли и её окружения  |f В. И. Вернадский  |g под ред. А. А. Ярошевского 
205 |a 2-е изд. 
210 |a Москва  |c Наука  |d 1987 
215 |a 339 с.  |c портр. 
320 |a Библиогр.: с. 323-326 
320 |a Предметный указатель: с. 327-329 
320 |a Именной указатель: с. 330-334 
606 1 |a Техносфера  |2 stltpush  |3 (RuTPU)RU\TPU\subj\60156  |9 77645 
610 1 |a Земля 
610 1 |a биосфера 
610 1 |a химическое строение 
610 1 |a Солнечная система 
610 1 |a геологические оболочки 
610 1 |a диссиметрия 
610 1 |a пространства 
610 1 |a геосферы 
610 1 |a живое вещество 
675 |a 550.7  |v 4 
700 1 |a Вернадский  |b В. И.  |c российский учёный  |c естествоиспытатель, мыслитель и общественный деятель  |f 1863-1945  |g Владимир Иванович  |2 stltpush  |3 (RuTPU)RU\TPU\pers\417  |9 207 
702 1 |a Ярошевский  |b А. А.  |4 340 
801 1 |a RU  |b 63413507  |c 20141015 
801 2 |a RU  |b 63413507  |c 20171225  |g RCR 
942 |c BK